| 000 | 02022cas a2200481 a 4500 | ||
|---|---|---|---|
| 001 | 11150209 | ||
| 003 | OSt | ||
| 005 | 20230704141143.0 | ||
| 008 | 840621d19531965fr gr i0 a0eng c | ||
| 010 | _a 57000944 | ||
| 022 | _a0549-7175 | ||
| 035 | _a(OCoLC)ocm10867151 | ||
| 040 |
_aVRR _beng _cVRR _dHUL _dDLC _dOCL _dNLGGC _dNIALS _dOCLCQ _dOCLCF _dOCLCO _dOCLCA _dNLC _dOCLCQ |
||
| 042 | _apcc | ||
| 082 | 0 | 0 |
_a341.72 _bNAT |
| 110 | 2 | _aNorth Atlantic Treaty Organization. | |
| 245 | 1 | 4 |
_aThe North Atlantic Treaty Organization : _bNato Handbook _cthe North Atlantic Treaty Organization. |
| 246 | 3 | 0 | _aNATO hand book |
| 246 | 1 | 4 |
_aNATO handbook _f6th ed.-<12th ed.> |
| 260 |
_aParis, France : _bThe Organization, _c1953- |
||
| 300 |
_avolumes : _billustrations ; _c18-22 cm |
||
| 310 |
_aBiennial, _b1965- |
||
| 321 |
_aAnnual, _b1953-1963 |
||
| 336 |
_atext _btxt _2rdacontent |
||
| 337 |
_aunmediated _bn _2rdamedia |
||
| 338 |
_avolume _bnc _2rdacarrier |
||
| 362 | 0 | _a2nd ed., 3rd impression- | |
| 362 | 1 | _aCeased with the 12th ed. in 1965? | |
| 550 | _aVolumes for 1957 published by NATO's Information Division; 1958-<1965> by its Information Service. | ||
| 590 | _aSERBIB/SERLOC merged record | ||
| 610 | 2 | 0 |
_aNorth Atlantic Treaty Organization _vPeriodicals. |
| 610 | 2 | 7 |
_aNorth Atlantic Treaty Organization. _2fast _0(OCoLC)fst00529467 |
| 650 | 1 | 7 |
_aNAVO. _2gtt |
| 655 | 7 |
_aPeriodicals. _2fast _0(OCoLC)fst01411641 |
|
| 710 | 2 |
_aNorth Atlantic Treaty Organization. _bInformation Service. |
|
| 710 | 2 |
_aNorth Atlantic Treaty Organization. _bInformation Division. |
|
| 776 | 0 | 8 |
_iOnline version: _aNorth Atlantic Treaty Organization. _tNorth Atlantic Treaty Organization _w(OCoLC)655055538 |
| 780 | 0 | 0 |
_aNorth Atlantic Treaty Organization. _tNATO handbook (1952) _w(DLC) 86655501 _w(OCoLC)5656195 |
| 785 | 0 | 0 |
_aNorth Atlantic Treaty Organization. _tNATO handbook (1967) _w(DLC) 75613327 _w(OCoLC)3663958 |
| 906 |
_a7 _bcbc _cserials _du _encip _f19 _gn-oclcserc |
||
| 942 |
_2ddc _cBK |
||
| 999 |
_c3857 _d3857 |
||